[Event "Bratislava Rintel Memorial 50th"]
[Site "Bratislava"]
[Date "2023.08.21"]
[Round "1"]
[White "Berta, Gregor"]
[Black "Compel, Daniel"]
[Result "0-1"]
[WhiteElo "1164"]
[BlackElo "2112"]
[PlyCount "54"]
[EventDate "2023.08.21"]
[EventType "swiss"]
[EventRounds "9"]
[EventCountry "SVK"]
[SourceTitle "EXT 2024"]
[Source "ChessBase"]
[SourceDate "2023.10.10"]
[SourceVersion "1"]
[SourceVersionDate "2023.10.10"]
[SourceQuality "1"]

1. Nf3 Nf6 2. b3 g6 3. Bb2 Bg7 4. e3 c5 5. c4 0-0 6. d4 cxd4 7. Bxd4 Nc6 8. Bd3 Nxd4 9. Nxd4 e5 10. 0-0 exd4 11. exd4 d5 12. Re1 dxc4 13. Bxc4 Nd5 14. Qd3 Nf4 15. Qe4 Qxd4 16. Qxd4 Bxd4 17. Nd2 Bxa1 18. Rxa1 b5 19. Bd5 Nxd5 20. g3 Bb7 21. Ne4 Rad8 22. Re1 Kg7 23. Kg2 Nc3 24. Kf3 f5 25. Kf4 fxe4+ 26. Kg5 Bc8 27. Re3 Rd5+ 0-1